Stockahausen: entrevista sobre el genio musical
Saved in:
| Hovedforfatter: | |
|---|---|
| Format: | Bog |
| Sprog: | spansk |
| Udgivet: |
Madrid
Turner
1988
|
| Serier: | Colección Turner música
|
| Fag: | |
| Tags: |
Tilføj Tag
Ingen Tags, Vær først til at tagge denne postø!
|
MARC
| LEADER | 00000nam a2200000 a 4500 | ||
|---|---|---|---|
| 001 | UCY0051 | ||
| 003 | CL-VaPUC | ||
| 005 | 20231024105824.0 | ||
| 008 | 940708e19880000SP |||||||||||||||||spa|d | ||
| 999 | |c 229141 |d 229139 | ||
| 040 | |c Pontificia Universidad Católica de Valparaíso | ||
| 082 | 0 | 4 | |a 780.92 TAN 1988 |2 21 |
| 100 | 0 | |a Tannenbaum, Mya |e author |9 327631 | |
| 245 | 1 | 0 | |a Stockahausen: entrevista sobre el genio musical |
| 260 | |a Madrid |b Turner |c 1988 | ||
| 300 | |a 110 p | ||
| 490 | 0 | |a Colección Turner música | |
| 583 | |a last modification |c 19940708 00:00:00 |k Rodrigo Vera | ||
| 600 | 0 | |a Stockhausen, Karlheinz |9 306775 |d 1928-2007 | |
| 650 | 0 | |a Compositores alemanes |9 324765 | |
| 650 | 0 | |a Entrevistas |9 265537 | |
| 942 | |c BK |2 ddc | ||
| 945 | |d 19940708 00:00:00 |a oaravena | ||
| 952 | |0 0 |1 0 |2 ddc |4 0 |6 780_920000000000000_TAN_1988 |7 0 |8 A |9 229765 |a BIBEDU |b BIBEDU |d 2019-11-15 |i 299092K |o 780.92 TAN 1988 |p 299092K |r 2023-01-12 |w 2019-11-15 |y BK |k MUS | ||